[Event "Oceania-ch U20"]
[Site "Auckland"]
[Date "2019.01.10"]
[Round "6"]
[White "Slater Jones, Tom"]
[Black "Yang, Oliver"]
[Result "1-0"]
[WhiteElo "2017"]
[BlackElo "1566"]
[PlyCount "63"]
[EventDate "2019.01.08"]
[EventType "swiss"]
[EventRounds "9"]
[EventCountry "NZL"]
[SourceTitle "EXT 2020"]
[Source "ChessBase"]
[SourceDate "2019.10.17"]
[SourceVersion "1"]
[SourceVersionDate "2019.10.17"]
[SourceQuality "1"]

1. Nf3 d5 2. d4 Bg4 3. Ne5 Bf5 4. c4 f6 5. Nf3 Nc6 6. Nc3 e5 7. cxd5 exd4 8. Nxd4 Nxd4 9. Qxd4 Ne7 10. e4 Bg6 11. Bb5+ c6 12. Ba4 b5 13. Bb3 b4 14. Ne2 cxd5 15. Ba4+ Kf7 16. exd5 Nf5 17. Qe4 Qc8 18. Bd2 Bc5 19. Rc1 Qa6 20. Qe6+ Qxe6 21. dxe6+ Kxe6 22. Rxc5 Rhd8 23. Nf4+ Kd6 24. Bxb4 Re8+ 25. Bxe8 Rxe8+ 26. Kd2 Kd7 27. Nxg6 hxg6 28. Rd1 Nd6 29. Rd5 Re6 30. Rxd6+ Rxd6+ 31. Bxd6 Kxd6 32. Ke3+ 1-0

[Event "Oceania-ch U20"]
[Site "Auckland"]
[Date "2019.01.10"]
[Round "5"]
[White "Yang, Oliver"]
[Black "Sivabalan, Brijesh"]
[Result "1-0"]
[WhiteElo "1566"]
[BlackElo "1118"]
[PlyCount "33"]
[EventDate "2019.01.08"]
[EventType "swiss"]
[EventRounds "9"]
[EventCountry "NZL"]
[SourceTitle "EXT 2020"]
[Source "ChessBase"]
[SourceDate "2019.10.17"]
[SourceVersion "1"]
[SourceVersionDate "2019.10.17"]
[SourceQuality "1"]

1. d4 d5 2. e4 c6 3. Nc3 dxe4 4. Nxe4 Bf5 5. Ng3 Bg6 6. N1e2 e6 7. Nf4 Bd6 8. Bc4 Qc7 9. Qf3 Bxc2 10. 0-0 Bxf4 11. Bxf4 Qc8 12. Rac1 Bg6 13. d5 Ne7 14. dxe6 f6 15. Bd6 b5 16. Bxb5 Qxe6 17. Bxe7 1-0

[Event "Oceania-ch U20"]
[Site "Auckland"]
[Date "2019.01.09"]
[Round "4"]
[White "Au, Alexander"]
[Black "Yang, Oliver"]
[Result "1/2-1/2"]
[WhiteElo "1789"]
[BlackElo "1566"]
[PlyCount "58"]
[EventDate "2019.01.08"]
[EventType "swiss"]
[EventRounds "9"]
[EventCountry "NZL"]
[SourceTitle "EXT 2020"]
[Source "ChessBase"]
[SourceDate "2019.10.17"]
[SourceVersion "1"]
[SourceVersionDate "2019.10.17"]
[SourceQuality "1"]

1. e4 c5 2. Nf3 d6 3. c3 Nf6 4. Be2 g6 5. 0-0 Bg7 6. Qc2 0-0 7. d4 Nbd7 8. Bf4 Re8 9. Nbd2 e5 10. dxe5 dxe5 11. Bg5 Qc7 12. Rad1 Nf8 13. Nc4 Bg4 14. Ne3 Be6 15. Bb5 Red8 16. Ba4 a6 17. Bxf6 Bxf6 18. Qe2 b5 19. Bc2 Nd7 20. b3 Nb6 21. Rfe1 c4 22. b4 Re8 23. Rd2 Rad8 24. Red1 Rxd2 25. Rxd2 Nc8 26. h3 Ne7 27. Nh2 h5 28. g4 hxg4 29. Nhxg4 Bg5 1/2-1/2

[Event "Oceania-ch U20"]
[Site "Auckland"]
[Date "2019.01.09"]
[Round "3"]
[White "Yang, Oliver"]
[Black "Fareed, Menash"]
[Result "0-1"]
[WhiteElo "1566"]
[BlackElo "1574"]
[PlyCount "164"]
[EventDate "2019.01.08"]
[EventType "swiss"]
[EventRounds "9"]
[EventCountry "NZL"]
[SourceTitle "EXT 2020"]
[Source "ChessBase"]
[SourceDate "2019.10.17"]
[SourceVersion "1"]
[SourceVersionDate "2019.10.17"]
[SourceQuality "1"]

1. e4 e5 2. Nf3 Nc6 3. Bc4 Nf6 4. d4 exd4 5. e5 Ne4 6. 0-0 d5 7. Bb5 Bg4 8. c3 Be7 9. cxd4 0-0 10. Be2 f6 11. Nc3 fxe5 12. Nxe5 Bxe2 13. Nxe2 Nxe5 14. dxe5 c6 15. Be3 Rf5 16. f4 g5 17. g4 Rf8 18. f5 Qc7 19. f6 Bc5 20. Bxc5 Nxc5 21. Rf5 Ne6 22. Nd4 Qb6 23. Qd2 Qxd4+ 24. Qxd4 Nxd4 25. Rxg5+ Kh8 26. Rf1 Rae8 27. h4 c5 28. Kf2 Ne6 29. Rh5 Nf4 30. Rf5 Nd3+ 31. Ke3 Nxe5 32. Kf4 Nc4 33. Rf3 Nd6 34. g5 Re4+ 35. Kg3 Nxf5+ 36. Rxf5 Rd8 37. h5 h6 38. f7 hxg5 39. f8Q+ Rxf8 40. Rxf8+ Kg7 41. Rd8 d4 42. Kf3 Re7 43. Kg4 Kf6 44. h6 Re4+ 45. Kg3 Kg6 46. Rd6+ Kh7 47. Kf3 Rh4 48. Rd5 Kxh6 49. Rxc5 g4+ 50. Kg3 Rh5 51. Rc1 Rb5 52. Kxg4 Rxb2 53. a4 Rb4 54. a5 d3+ 55. Kf5 d2 56. Rd1 Rd4 57. Kf6 Kh5 58. a6 b6 59. Ke5 Rd8 60. Kf5 Kh4 61. Kf4 Kh5 62. Ke3 Kg5 63. Ke4 Kf6 64. Ke3 Ke5 65. Ke2 Rd4 66. Rxd2 Rxd2+ 67. Kxd2 Kd4 68. Kc2 Kc4 69. Kb2 Kb5 70. Kb3 Kxa6 71. Kb4 b5 72. Ka3 Kb6 73. Kb3 Kc5 74. Kc3 a5 75. Kb3 Kd4 76. Ka3 Kc3 77. Ka2 Kc2 78. Ka1 b4 79. Ka2 b3+ 80. Ka3 b2 81. Ka4 b1Q 82. Kxa5 Qb7 0-1